Manual práctico de la gestión de stocks (Registro nro. 2761)
[ vista simple ]
| 000 -LEADER | |
|---|---|
| fixed length control field | 00943 a2200205 4500 |
| 001 - CONTROL NUMBER | |
| control field | 37542 |
| 005 - DATE AND TIME OF LATEST TRANSACTION | |
| control field | 20260407155643.0 |
| 008 - FIXED-LENGTH DATA ELEMENTS--GENERAL INFORMATION | |
| fixed length control field | 260407a1969 arg spa d |
| 003 - CONTROL NUMBER IDENTIFIER | |
| control field | AR-UNSa-BCEJYS |
| 040 ## - CATALOGING SOURCE | |
| Original cataloging agency | AR-UNSa-BCEJYS |
| Language of cataloging | spa |
| Transcribing agency | AR-UNSa-BCEJYS |
| 080 ## - UNIVERSAL DECIMAL CLASSIFICATION NUMBER | |
| Universal Decimal Classification number | 658.78 |
| Common auxiliary subdivision | Gestión de almacenes y existencias. Expedición |
| 100 1# - MAIN ENTRY--PERSONAL NAME | |
| Personal name | Antier, P. |
| 245 10 - TITLE STATEMENT | |
| Title | Manual práctico de la gestión de stocks |
| 264 #1 - PRODUCTION, PUBLICATION, DISTRIBUTION, MANUFACTURE, AND COPYRIGHT NOTICE | |
| Place of production, publication, distribution, manufacture | Madrid : |
| Name of producer, publisher, distributor, manufacturer | Iberico Europea de Ediciones |
| Date of production, publication, distribution, manufacture, or copyright notice | 1969 |
| 300 ## - PHYSICAL DESCRIPTION | |
| Extent | 276 p. |
| Dimensions | 22 cm. |
| 505 ## - FORMATTED CONTENTS NOTE | |
| Formatted contents note | 1. La gestión de los stocks - 2. Almacenes - 3. La gestión - 4. La simbolización de los materiales - 5. Las fichas de gestión - 6. La función de ordenamiento - 7. La vida de la gestión - 8. Trabajos en curso - 9. Adaptación a los tratamientos mecanográficos - 10. Paso progresivo de gestión manual a gestión en ordenador. |
| 590 ## - LOCAL NOTE (RLIN) | |
| Local note | niveau_biblio:m niveau_hierar:0 |
| 700 1# - ADDED ENTRY--PERSONAL NAME | |
| Personal name | Martinez de la Hidalga, Julio |
| 942 ## - ADDED ENTRY ELEMENTS (KOHA) | |
| Koha item type | |
| Withdrawn status | Lost status | Damaged status | Not for loan | Home library | Current library | Shelving location | Date acquired | Total checkouts | Full call number | Barcode | Date last seen | Price effective from | Koha item type |
|---|---|---|---|---|---|---|---|---|---|---|---|---|---|
| Biblioteca Prof. Eusebio Cleto del Rey | Biblioteca Prof. Eusebio Cleto del Rey | 07/04/2026 | 658.78 A629 | L22082 | 07/04/2026 | 07/04/2026 | Libro |